[Event "MCRDMZ 2018"]
[Site "Varnsdorf"]
[Date "2018.06.17"]
[Round "7.8"]
[White "Hladky Tadeas (Loko Brno A)"]
[Black "Simunek Jakub Simon (VSTE CB)"]
[Result "1-0"]
[BlackElo "1415"]
[WhiteElo "1659"]
[LiveChessVersion "1.4.8"]

1. e4 {[%clk 0:25:19]} c6 {[%clk 0:25:15]} 2. d4 {[%clk 0:25:26]} d5
{[%clk 0:25:21]} 3. exd5 {[%clk 0:25:34]} cxd5 {[%clk 0:25:23]} 4. Bd3
{[%clk 0:25:37]} Nf6 {[%clk 0:25:28]} 5. Nf3 {[%clk 0:25:30]} Bg4
{[%clk 0:25:32]} 6. c3 {[%clk 0:25:28]} e6 {[%clk 0:25:25]} 7. Bf4
{[%clk 0:25:23]} Nbd7 {[%clk 0:24:43]} 8. Nbd2 {[%clk 0:25:25]} Be7
{[%clk 0:24:28]} 9. O-O {[%clk 0:25:29]} O-O {[%clk 0:24:32]} 10. Qb3
{[%clk 0:25:30]} Qb6 {[%clk 0:24:02]} 11. Qxb6 {[%clk 0:25:22]} Nxb6
{[%clk 0:24:06]} 12. Ne5 {[%clk 0:25:31]} Bh5 {[%clk 0:23:02]} 13. Bg3
{[%clk 0:24:52]} Bg6 {[%clk 0:22:25]} 14. f4 {[%clk 0:24:33]} Bxd3
{[%clk 0:22:04]} 15. Nxd3 {[%clk 0:24:41]} Nbd7 {[%clk 0:21:57]} 16. Rae1
{[%clk 0:24:23]} Bd6 {[%clk 0:21:26]} 17. Ne5 {[%clk 0:23:36]} Bxe5
{[%clk 0:20:54]} 18. dxe5 {[%clk 0:23:15]} Ne8 {[%clk 0:20:24]} 19. Bh4
{[%clk 0:22:55]} Nc7 {[%clk 0:18:43]} 20. Nb3 {[%clk 0:22:30]} Na6
{[%clk 0:17:37]} 21. Rd1 {[%clk 0:22:18]} Rfe8 {[%clk 0:17:14]} 22. Bf2
{[%clk 0:21:56]} Rac8 {[%clk 0:16:09]} 23. Nd4 {[%clk 0:21:14]} Nb6
{[%clk 0:13:04]} 24. Nb5 {[%clk 0:20:57]} Ra8 {[%clk 0:08:29]} 25. Nd6
{[%clk 0:19:19]} Re7 {[%clk 0:07:25]} 26. Rfe1 {[%clk 0:18:12]} Nc8
{[%clk 0:06:22]} 27. Nxc8 {[%clk 0:17:42]} Rxc8 {[%clk 0:06:29]} 28. Bxa7
{[%clk 0:17:33]} b6 {[%clk 0:05:05]} 29. Bxb6 Rb8 {[%clk 0:04:37]} 30. Bd4
{[%clk 0:16:38]} Rxb2 {[%clk 0:04:13]} 31. Rb1 {[%clk 0:13:39]} Reb7
{[%clk 0:04:06]} 32. Rxb2 {[%clk 0:13:30]} Rxb2 {[%clk 0:04:12]} 33. Ra1
{[%clk 0:12:34]} Rc2 {[%clk 0:03:40]} 34. a4 {[%clk 0:12:23]} Nc7
{[%clk 0:03:10]} 35. Rb1 {[%clk 0:12:06]} h6 {[%clk 0:02:57]} 36. Rb7
{[%clk 0:11:19]} Ra2 {[%clk 0:01:01]} 37. Rxc7 {[%clk 0:11:22]} Rxa4
{[%clk 0:01:09]} 38. Kf2 {[%clk 0:11:21]} 1-0

[Event "MCRDMZ 2018"]
[Site "Varnsdorf"]
[Date "2018.06.17"]
[Round "7.9"]
[White "Prazak Daniel (VSTE CB)"]
[Black "Mohapl Tomas (Loko Brno A)"]
[Result "1-0"]
[BlackElo "1563"]
[WhiteElo "1541"]
[LiveChessVersion "1.4.8"]

1. e4 {[%clk 0:25:17]} c5 {[%clk 0:25:18]} 2. Nf3 {[%clk 0:25:25]} d6
{[%clk 0:25:25]} 3. d4 {[%clk 0:25:25]} cxd4 {[%clk 0:25:29]} 4. Nxd4
{[%clk 0:25:27]} Nf6 {[%clk 0:25:30]} 5. Nc3 {[%clk 0:25:34]} a6 {[%clk 0:25:35]}
6. Be2 {[%clk 0:24:54]} e5 {[%clk 0:25:00]} 7. Nb3 {[%clk 0:23:37]} Be6
{[%clk 0:24:41]} 8. O-O {[%clk 0:23:23]} Be7 {[%clk 0:24:33]} 9. Be3
{[%clk 0:23:15]} O-O {[%clk 0:23:56]} 10. Nd5 {[%clk 0:22:46]} Nxd5
{[%clk 0:23:14]} 11. exd5 {[%clk 0:22:53]} Bf5 {[%clk 0:23:15]} 12. Bd3
{[%clk 0:21:49]} Bxd3 {[%clk 0:22:39]} 13. Qxd3 {[%clk 0:21:54]} Bg5
{[%clk 0:22:32]} 14. f4 {[%clk 0:21:31]} Bxf4 {[%clk 0:21:27]} 15. Bxf4
{[%clk 0:21:38]} exf4 {[%clk 0:21:26]} 16. Rxf4 {[%clk 0:21:16]} Nd7
{[%clk 0:17:23]} 17. Raf1 {[%clk 0:19:51]} Ne5 {[%clk 0:16:13]} 18. Qd2
{[%clk 0:18:46]} Rc8 {[%clk 0:14:19]} 19. Nd4 {[%clk 0:18:32]} Qb6
{[%clk 0:09:09]} 20. b3 {[%clk 0:17:13]} Qc5 {[%clk 0:07:06]} 21. c4
{[%clk 0:16:43]} b5 {[%clk 0:06:29]} 22. cxb5 {[%clk 0:16:00]} axb5
{[%clk 0:06:29]} 23. Qe2 {[%clk 0:14:17]} b4 {[%clk 0:05:24]} 24. Qb5
{[%clk 0:13:57]} Rb8 {[%clk 0:01:34]} 25. Qxc5 {[%clk 0:13:46]} dxc5
{[%clk 0:01:39]} 26. Nc6 {[%clk 0:13:46]} Nxc6 {[%clk 0:01:42]} 27. dxc6
{[%clk 0:13:55]} Rbc8 {[%clk 0:01:50]} 28. Rc1 {[%clk 0:13:55]} Rxc6
{[%clk 0:01:58]} 29. Rxb4 {[%clk 0:14:02]} Rfc8 {[%clk 0:01:38]} 30. Rbc4
{[%clk 0:14:10]} Kf8 {[%clk 0:01:44]} 31. b4 {[%clk 0:14:15]} Ra8
{[%clk 0:01:38]} 32. R1c2 {[%clk 0:14:03]} Ke7 {[%clk 0:01:37]} 33. Rxc5
{[%clk 0:14:09]} Rxc5 {[%clk 0:01:37]} 34. bxc5 {[%clk 0:14:18]} Kd7
{[%clk 0:01:35]} 35. Kf2 {[%clk 0:14:24]} Kc6 {[%clk 0:01:37]} 36. Ke3
{[%clk 0:14:22]} Ra4 {[%clk 0:01:34]} 37. Kd3 {[%clk 0:13:57]} Rh4
{[%clk 0:01:20]} 38. g3 {[%clk 0:13:55]} Ra4 {[%clk 0:01:25]} 39. Kc3
{[%clk 0:12:50]} Rg4 {[%clk 0:00:42]} 40. Kb3 {[%clk 0:12:52]} Rd4
{[%clk 0:00:45]} 41. a4 {[%clk 0:12:32]} g5 {[%clk 0:00:37]} 42. a5
{[%clk 0:12:29]} Rd3+ {[%clk 0:00:43]} 43. Kb4 {[%clk 0:12:33]} Rd4+
{[%clk 0:00:50]} 44. Rc4 {[%clk 0:12:33]} Rd2 {[%clk 0:00:56]} 45. h4
{[%clk 0:12:03]} f6 {[%clk 0:00:51]} 46. hxg5 {[%clk 0:12:08]} fxg5
{[%clk 0:00:58]} 47. Rc3 {[%clk 0:11:21]} h5 {[%clk 0:01:05]} 48. a6
{[%clk 0:11:26]} Rd7 {[%clk 0:01:09]} 49. Ka5 {[%clk 0:11:26]} h4
{[%clk 0:01:12]} 50. gxh4 {[%clk 0:11:18]} gxh4 {[%clk 0:01:20]} 51. Rb3 Ra7
{[%clk 0:01:12]} 52. Rb6+ {[%clk 0:10:26]} Kxc5 {[%clk 0:00:55]} 53. Rb7
{[%clk 0:10:35]} Ra8 {[%clk 0:00:59]} 54. a7 {[%clk 0:10:18]} Kc6
{[%clk 0:01:04]} 55. Ka6 {[%clk 0:10:24]} h3 {[%clk 0:00:14]} 56. Rh7
{[%clk 0:10:01]} Rd8 {[%clk 0:00:17]} 57. Rxh3 {[%clk 0:10:05]} Kc7
{[%clk 0:00:21]} 58. Rc3+ {[%clk 0:10:09]} 1-0

[Event "MCRDMZ 2018"]
[Site "Varnsdorf"]
[Date "2018.06.17"]
[Round "7.10"]
[White "Ulcak Michael (Loko Brno A)"]
[Black "Barta David (VSTE CB)"]
[Result "1-0"]
[BlackElo "1332"]
[WhiteElo "1551"]
[LiveChessVersion "1.4.8"]

1. e4 {[%clk 0:25:19]} c5 {[%clk 0:25:17]} 2. c3 {[%clk 0:25:25]} d6
{[%clk 0:24:17]} 3. d4 {[%clk 0:25:33]} Nc6 {[%clk 0:23:40]} 4. Nf3
{[%clk 0:25:36]} Nf6 {[%clk 0:23:36]} 5. Bd3 {[%clk 0:25:39]} Bg4
{[%clk 0:23:02]} 6. Be3 {[%clk 0:25:30]} e6 {[%clk 0:20:39]} 7. O-O
{[%clk 0:25:26]} d5 {[%clk 0:18:52]} 8. exd5 {[%clk 0:23:50]} cxd4
{[%clk 0:18:08]} 9. dxc6 {[%clk 0:21:44]} dxe3 {[%clk 0:17:41]} 10. cxb7
{[%clk 0:21:48]} exf2+ {[%clk 0:16:08]} 11. Rxf2 {[%clk 0:21:56]} Rb8
{[%clk 0:16:11]} 12. Bb5+ {[%clk 0:22:03]} Nd7 {[%clk 0:15:16]} 13. Qxd7+
{[%clk 0:22:04]} Qxd7 {[%clk 0:15:14]} 14. Bxd7+ {[%clk 0:22:12]} Kxd7
{[%clk 0:14:59]} 15. Ne5+ {[%clk 0:22:21]} Kc7 {[%clk 0:14:25]} 16. Rxf7+
{[%clk 0:21:57]} Kb6 {[%clk 0:11:00]} 17. Nxg4 {[%clk 0:22:01]} Bc5+
{[%clk 0:11:04]} 18. Kh1 {[%clk 0:21:49]} Rhd8 {[%clk 0:10:56]} 19. Na3
{[%clk 0:21:26]} Rxb7 {[%clk 0:10:13]} 20. Rxb7+ {[%clk 0:21:29]} Kxb7
{[%clk 0:10:21]} 21. Nc4 {[%clk 0:21:35]} Rd5 {[%clk 0:08:42]} 22. Nge3
{[%clk 0:21:01]} Rd3 {[%clk 0:05:13]} 23. Rd1 {[%clk 0:21:00]} Rxe3
{[%clk 0:05:00]} 24. Nxe3 {[%clk 0:21:09]} Bxe3 {[%clk 0:05:04]} 25. Re1
{[%clk 0:21:16]} Bb6 {[%clk 0:04:49]} 26. Rxe6 {[%clk 0:21:20]} Bd8
{[%clk 0:04:24]} 27. g3 {[%clk 0:21:13]} Bf6 {[%clk 0:04:32]} 28. Kg2
{[%clk 0:21:17]} h6 {[%clk 0:04:28]} 29. Rxf6 {[%clk 0:21:20]} gxf6
{[%clk 0:04:33]} 30. Kf3 {[%clk 0:21:29]} Kc6 31. Ke4 Kd5+ 1-0

[Event "MCRDMZ 2018"]
[Site "Varnsdorf"]
[Date "2018.06.17"]
[Round "7.11"]
[White "Rolinkova Adela (VSTE CB)"]
[Black "Hladky Mikulas (Loko Brno A)"]
[Result "1-0"]
[BlackElo "1242"]
[WhiteElo "1195"]
[LiveChessVersion "1.4.8"]

1. e4 {[%clk 0:25:19]} e5 {[%clk 0:25:18]} 2. Nf3 {[%clk 0:25:25]} Nc6
{[%clk 0:25:25]} 3. Bc4 {[%clk 0:25:24]} Bc5 {[%clk 0:25:32]} 4. Nc3
{[%clk 0:25:29]} Nf6 {[%clk 0:25:35]} 5. O-O {[%clk 0:25:27]} O-O
{[%clk 0:25:40]} 6. d3 {[%clk 0:25:30]} d6 {[%clk 0:25:45]} 7. Bg5
{[%clk 0:25:21]} Be6 {[%clk 0:25:42]} 8. Bd5 {[%clk 0:24:27]} Bxd5
{[%clk 0:25:44]} 9. Nxd5 {[%clk 0:24:30]} h6 {[%clk 0:25:38]} 10. Bxf6
{[%clk 0:24:25]} gxf6 {[%clk 0:25:43]} 11. Nh4 {[%clk 0:23:57]} Kh8
{[%clk 0:25:20]} 12. Qh5 {[%clk 0:23:05]} Kg7 {[%clk 0:24:18]} 13. Nf5+
{[%clk 0:22:52]} Kg8 {[%clk 0:24:08]} 14. Qg4+ {[%clk 0:22:47]} Kh7
{[%clk 0:23:52]} 15. Qg7# {[%clk 0:22:55]} 1-0

[Event "MCRDMZ 2018"]
[Site "Varnsdorf"]
[Date "2018.06.17"]
[Round "7.12"]
[White "Vavrinkova Marie (Loko Brno A)"]
[Black "Garabik Marek (VSTE CB)"]
[Result "1-0"]
[BlackElo "1345"]
[WhiteElo "1364"]
[LiveChessVersion "1.4.8"]

1. e4 {[%clk 0:25:14]} e5 {[%clk 0:25:17]} 2. Nf3 {[%clk 0:25:17]} Nc6
{[%clk 0:25:22]} 3. Bb5 {[%clk 0:25:12]} d6 {[%clk 0:25:27]} 4. d4
{[%clk 0:25:10]} a6 {[%clk 0:25:19]} 5. Ba4 {[%clk 0:25:12]} b5 {[%clk 0:24:35]}
6. Bb3 {[%clk 0:25:02]} Na5 {[%clk 0:24:16]} 7. dxe5 {[%clk 0:23:56]} Nxb3
{[%clk 0:23:53]} 8. axb3 {[%clk 0:23:48]} Bb7 {[%clk 0:23:48]} 9. exd6
{[%clk 0:22:50]} Qxd6 {[%clk 0:20:49]} 10. Qxd6 {[%clk 0:22:31]} Bxd6
{[%clk 0:20:45]} 11. O-O {[%clk 0:21:36]} Ne7 {[%clk 0:20:22]} 12. Re1
{[%clk 0:21:01]} O-O {[%clk 0:18:10]} 13. e5 {[%clk 0:20:01]} Bc5
{[%clk 0:18:10]} 14. Be3 {[%clk 0:19:13]} Bb6 {[%clk 0:17:04]} 15. Bxb6
{[%clk 0:18:55]} cxb6 {[%clk 0:16:56]} 16. Nbd2 {[%clk 0:17:58]} Rad8
{[%clk 0:16:11]} 17. e6 {[%clk 0:16:56]} Nc8 {[%clk 0:15:08]} 18. e7
{[%clk 0:16:36]} Nxe7 {[%clk 0:14:42]} 19. Rxe7 {[%clk 0:16:28]} Bxf3
{[%clk 0:13:48]} 20. Nxf3 {[%clk 0:16:25]} a5 {[%clk 0:13:45]} 21. h3
{[%clk 0:15:47]} Rb8 {[%clk 0:13:42]} 22. Ne5 {[%clk 0:15:17]} Rfc8
{[%clk 0:13:30]} 23. Nd7 {[%clk 0:14:47]} Rb7 {[%clk 0:13:30]} 24. Nf6+
{[%clk 0:14:54]} gxf6 {[%clk 0:13:37]} 25. Rxb7 {[%clk 0:15:02]} Rxc2
{[%clk 0:13:44]} 26. Rxb6 {[%clk 0:15:00]} Rxb2 {[%clk 0:13:48]} 27. Rxb5
{[%clk 0:14:59]} Kg7 {[%clk 0:13:57]} 28. Raxa5 {[%clk 0:14:37]} Rb1+
{[%clk 0:14:04]} 29. Kh2 {[%clk 0:14:45]} Rc1 {[%clk 0:13:49]} 30. Rc5
{[%clk 0:14:42]} Rf1 {[%clk 0:13:52]} 31. Rf5 {[%clk 0:14:34]} Rb1
{[%clk 0:13:52]} 32. Rab5 {[%clk 0:14:39]} Kg6 {[%clk 0:13:58]} 33. Kg3
{[%clk 0:13:43]} Rxb3+ {[%clk 0:13:43]} 34. Rxb3 {[%clk 0:13:42]} Kxf5
{[%clk 0:13:52]} 35. Rf3+ {[%clk 0:13:43]} Kg6 {[%clk 0:14:00]} 36. Kf4
{[%clk 0:13:37]} h6 {[%clk 0:13:57]} 37. Rg3+ {[%clk 0:13:37]} Kh7
{[%clk 0:14:04]} 38. Kf5 {[%clk 0:13:25]} 1-0

[Event "MCRDMZ 2018"]
[Site "Varnsdorf"]
[Date "2018.06.17"]
[Round "7.13"]
[White "Hrbek Stepan (Polabiny A)"]
[Black "Nemec Jachym (Ricany)"]
[Result "1-0"]
[BlackElo "1737"]
[WhiteElo "1785"]
[LiveChessVersion "1.4.8"]

1. Nf3 {[%clk 0:25:18]} Nf6 {[%clk 0:24:54]} 2. c4 {[%clk 0:25:27]} g6
{[%clk 0:24:47]} 3. g3 {[%clk 0:25:17]} Bg7 {[%clk 0:24:49]} 4. Bg2
{[%clk 0:25:26]} d6 {[%clk 0:24:51]} 5. O-O {[%clk 0:25:33]} O-O {[%clk 0:24:55]}
6. d3 {[%clk 0:25:23]} e5 {[%clk 0:24:45]} 7. Nc3 {[%clk 0:25:19]} c6
{[%clk 0:24:50]} 8. c5 {[%clk 0:19:00]} Re8 {[%clk 0:22:50]} 9. cxd6
{[%clk 0:19:09]} Qxd6 {[%clk 0:22:53]} 10. Qc2 {[%clk 0:15:09]} Nd5
{[%clk 0:20:45]} 11. a3 {[%clk 0:14:46]} Nd7 {[%clk 0:17:27]} 12. Rd1
{[%clk 0:10:22]} f5 {[%clk 0:17:09]} 13. e4 {[%clk 0:10:31]} Ne7 {[%clk 0:16:18]}
14. b4 {[%clk 0:09:04]} a5 {[%clk 0:15:18]} 15. b5 {[%clk 0:09:01]} c5
{[%clk 0:15:02]} 16. Nd2 {[%clk 0:08:23]} Ra7 {[%clk 0:13:28]} 17. Nc4
{[%clk 0:07:53]} Qf6 18. b6 {[%clk 0:06:34]} Nxb6 {[%clk 0:11:32]} 19. Nb5
{[%clk 0:06:43]} Ra6 {[%clk 0:10:44]} 20. Nc7 {[%clk 0:06:41]} Rf8
{[%clk 0:09:11]} 21. Nxa6 {[%clk 0:06:46]} bxa6 {[%clk 0:09:19]} 22. Nxb6 Qxb6
{[%clk 0:09:20]} 23. Be3 {[%clk 0:06:11]} Qd8 {[%clk 0:08:55]} 24. Bxc5
{[%clk 0:05:55]} Re8 {[%clk 0:08:59]} 25. Rac1 {[%clk 0:05:04]} Bb7
{[%clk 0:08:45]} 26. Qb3+ {[%clk 0:05:09]} 1-0

[Event "MCRDMZ 2018"]
[Site "Varnsdorf"]
[Date "2018.06.17"]
[Round "7.14"]
[White "Smolik Jachym (Ricany)"]
[Black "Brozka Karel (Polabiny A)"]
[Result "0-1"]
[BlackElo "1735"]
[WhiteElo "1614"]
[LiveChessVersion "1.4.8"]

1. d4 {[%clk 0:25:19]} Nf6 {[%clk 0:25:13]} 2. c4 {[%clk 0:25:27]} g6
{[%clk 0:24:48]} 3. Nc3 {[%clk 0:25:34]} Bg7 {[%clk 0:24:55]} 4. e4
{[%clk 0:25:42]} d6 {[%clk 0:24:58]} 5. Be2 {[%clk 0:24:48]} Nbd7
{[%clk 0:24:52]} 6. Be3 {[%clk 0:24:48]} O-O {[%clk 0:24:27]} 7. Nf3
{[%clk 0:24:54]} e5 {[%clk 0:24:28]} 8. dxe5 {[%clk 0:24:40]} dxe5
{[%clk 0:23:54]} 9. O-O {[%clk 0:24:36]} Ng4 {[%clk 0:22:15]} 10. Bg5
{[%clk 0:24:25]} f6 {[%clk 0:21:42]} 11. Bh4 {[%clk 0:24:34]} h5 {[%clk 0:20:51]}
12. h3 {[%clk 0:24:23]} Nh6 {[%clk 0:20:07]} 13. Qd5+ {[%clk 0:24:01]} Kh8
{[%clk 0:18:42]} 14. Rfd1 {[%clk 0:23:57]} Qe7 {[%clk 0:17:54]} 15. Rac1
{[%clk 0:23:22]} Nb6 {[%clk 0:17:10]} 16. Qd3 {[%clk 0:23:13]} Be6
{[%clk 0:16:16]} 17. Nd5 {[%clk 0:21:15]} Qf7 {[%clk 0:15:41]} 18. Qc2
{[%clk 0:20:54]} g5 {[%clk 0:14:48]} 19. Bg3 {[%clk 0:20:41]} g4 {[%clk 0:14:05]}
20. hxg4 {[%clk 0:20:43]} Nxg4 {[%clk 0:12:47]} 21. c5 {[%clk 0:20:36]} Nxd5
{[%clk 0:12:06]} 22. exd5 {[%clk 0:20:42]} Bxd5 {[%clk 0:11:55]} 23. Rxd5
{[%clk 0:14:58]} Qxd5 {[%clk 0:11:34]} 24. Bc4 {[%clk 0:15:07]} Qxc5
{[%clk 0:11:12]} 25. Nh4 {[%clk 0:15:03]} f5 {[%clk 0:10:12]} 26. Ng6+
{[%clk 0:14:35]} Kh7 {[%clk 0:10:05]} 27. Bg8+ {[%clk 0:14:36]} Rxg8
{[%clk 0:09:54]} 28. Qxc5 {[%clk 0:14:44]} Kxg6 {[%clk 0:09:59]} 29. Qxc7
{[%clk 0:13:50]} Rab8 {[%clk 0:08:55]} 30. Qd6+ {[%clk 0:13:45]} Bf6
{[%clk 0:08:26]} 31. f3 {[%clk 0:13:30]} Rbd8 {[%clk 0:07:41]} 32. Qa3
{[%clk 0:12:43]} Nh6 {[%clk 0:07:18]} 33. Re1 {[%clk 0:12:01]} f4
{[%clk 0:06:44]} 34. Bf2 {[%clk 0:11:59]} a6 {[%clk 0:06:44]} 35. Qb3
{[%clk 0:11:54]} Rg7 {[%clk 0:06:41]} 36. Qb6 {[%clk 0:11:27]} Re8
{[%clk 0:06:02]} 37. Bh4 {[%clk 0:11:09]} Rf7 {[%clk 0:05:56]} 38. Bxf6
{[%clk 0:11:05]} Rxf6 {[%clk 0:05:59]} 39. Qxb7 {[%clk 0:11:13]} Nf5
{[%clk 0:05:57]} 40. Qd7 {[%clk 0:10:54]} Re7 {[%clk 0:05:58]} 41. Qd3
{[%clk 0:10:43]} Kg7 {[%clk 0:05:44]} 42. b4 {[%clk 0:10:12]} h4 {[%clk 0:05:08]}
43. Kf2 {[%clk 0:09:54]} Ne3 {[%clk 0:04:59]} 44. a4 {[%clk 0:09:12]} Rg6
{[%clk 0:04:20]} 45. Rg1 {[%clk 0:09:15]} Rc7 {[%clk 0:04:29]} 46. Qe4
{[%clk 0:08:05]} Rc2+ {[%clk 0:03:57]} 47. Ke1 {[%clk 0:08:18]} Re6
{[%clk 0:03:55]} 48. Qb7+ {[%clk 0:07:39]} Kg6 {[%clk 0:03:44]} 49. Qe4+
{[%clk 0:07:44]} Kh6 {[%clk 0:03:41]} 50. Qa8 {[%clk 0:07:01]} Kg7
{[%clk 0:03:05]} 51. Qb7+ {[%clk 0:06:50]} Kf6 {[%clk 0:03:05]} 52. Qa8
{[%clk 0:06:47]} Rd6 {[%clk 0:03:07]} 53. Qf8+ {[%clk 0:06:42]} Ke6
{[%clk 0:03:16]} 54. Qg8+ {[%clk 0:06:28]} Kd7 {[%clk 0:03:23]} 55. Qf7+
{[%clk 0:05:44]} Kc6 {[%clk 0:03:11]} 56. Qe8+ {[%clk 0:05:44]} Kd5
{[%clk 0:03:12]} 57. Qa8+ {[%clk 0:05:09]} Kc4 {[%clk 0:03:20]} 58. Qg8+
{[%clk 0:04:43]} Kc3 {[%clk 0:02:59]} 59. Qc8+ {[%clk 0:04:13]} Kb3
{[%clk 0:02:39]} 60. Qxc2+ {[%clk 0:03:18]} Kxc2 {[%clk 0:02:40]} 61. b5
{[%clk 0:03:07]} Rd2 {[%clk 0:02:39]} 62. bxa6 {[%clk 0:02:47]} Kd3
{[%clk 0:02:46]} 0-1

[Event "MCRDMZ 2018"]
[Site "Varnsdorf"]
[Date "2018.06.17"]
[Round "7.15"]
[White "Juchelka Marek (Polabiny A)"]
[Black "Bartak Josef (Ricany)"]
[Result "1-0"]
[BlackElo "1420"]
[WhiteElo "1657"]
[LiveChessVersion "1.4.8"]

1. e4 {[%clk 0:25:16]} e5 {[%clk 0:25:18]} 2. Nf3 {[%clk 0:25:24]} Nc6
{[%clk 0:25:27]} 3. Bb5 {[%clk 0:25:32]} d6 {[%clk 0:25:36]} 4. O-O
{[%clk 0:25:39]} Nf6 {[%clk 0:25:42]} 5. Re1 {[%clk 0:25:48]} Bd7
{[%clk 0:25:48]} 6. c3 {[%clk 0:25:53]} Be7 {[%clk 0:25:56]} 7. d4
{[%clk 0:25:49]} O-O {[%clk 0:25:41]} 8. Nbd2 {[%clk 0:25:45]} Re8
{[%clk 0:25:44]} 9. Bxc6 {[%clk 0:25:39]} bxc6 {[%clk 0:25:44]} 10. dxe5
{[%clk 0:25:46]} dxe5 {[%clk 0:25:49]} 11. Nxe5 {[%clk 0:25:54]} Bc5
{[%clk 0:25:36]} 12. Nxd7 {[%clk 0:25:51]} Qxd7 {[%clk 0:25:39]} 13. Qc2 Ng4
{[%clk 0:25:32]} 14. Re2 {[%clk 0:24:58]} Qd6 {[%clk 0:25:27]} 15. Nf3
{[%clk 0:24:12]} Rad8 {[%clk 0:25:26]} 16. Rd2 {[%clk 0:23:17]} Qe7
{[%clk 0:25:15]} 17. Re2 {[%clk 0:22:53]} h6 {[%clk 0:25:10]} 18. Bf4
{[%clk 0:22:46]} Nf6 {[%clk 0:25:09]} 19. e5 {[%clk 0:22:48]} Nd5
{[%clk 0:25:04]} 20. Bg3 {[%clk 0:22:34]} Bd6 {[%clk 0:24:28]} 21. Rae1
{[%clk 0:22:27]} Bc5 {[%clk 0:24:28]} 22. a3 {[%clk 0:22:22]} a5 {[%clk 0:24:10]}
23. b4 {[%clk 0:22:15]} axb4 {[%clk 0:24:13]} 24. axb4 {[%clk 0:22:22]} Bb6
{[%clk 0:24:15]} 25. Qb3 {[%clk 0:18:41]} Ra8 {[%clk 0:24:00]} 26. Rb2
{[%clk 0:18:29]} f6 {[%clk 0:23:35]} 27. c4 {[%clk 0:18:12]} fxe5
{[%clk 0:22:42]} 28. cxd5 {[%clk 0:18:17]} e4 {[%clk 0:22:27]} 29. dxc6+
{[%clk 0:17:29]} Qe6 {[%clk 0:22:23]} 30. Qxe6+ {[%clk 0:17:27]} Rxe6
{[%clk 0:22:28]} 31. Rbe2 {[%clk 0:17:14]} Rae8 {[%clk 0:22:17]} 32. Nd2
{[%clk 0:17:21]} Rxc6 {[%clk 0:21:44]} 33. Rxe4 {[%clk 0:17:15]} Rxe4
{[%clk 0:21:42]} 34. Nxe4 {[%clk 0:17:20]} Re6 {[%clk 0:21:38]} 35. Kf1
{[%clk 0:17:25]} Kf7 {[%clk 0:21:05]} 36. f3 {[%clk 0:17:29]} g5 {[%clk 0:20:58]}
37. Bf2 {[%clk 0:17:37]} Bxf2 {[%clk 0:20:42]} 38. Kxf2 {[%clk 0:17:45]} Kg6
{[%clk 0:20:46]} 39. Rc1 {[%clk 0:17:49]} c6 {[%clk 0:20:49]} 40. Nc5
{[%clk 0:17:51]} Rd6 {[%clk 0:20:45]} 41. Ne4 {[%clk 0:17:52]} Re6
{[%clk 0:20:52]} 42. Rd1 {[%clk 0:18:00]} Kf5 {[%clk 0:20:54]} 43. Rd4
{[%clk 0:17:55]} Re5 {[%clk 0:19:51]} 44. g4+ {[%clk 0:17:50]} Kg6
{[%clk 0:19:33]} 45. Rd6+ {[%clk 0:17:58]} Kg7 {[%clk 0:19:31]} 46. Rxc6
{[%clk 0:18:06]} Rb5 {[%clk 0:19:36]} 47. Rc4 {[%clk 0:18:03]} Rb7
{[%clk 0:19:39]} 48. Nd6 {[%clk 0:18:08]} Rb6 {[%clk 0:19:45]} 49. Nf5+
{[%clk 0:18:05]} Kg6 {[%clk 0:19:45]} 50. Rd4 {[%clk 0:18:13]} Kh7
{[%clk 0:19:42]} 51. Rd7+ {[%clk 0:18:22]} Kg6 {[%clk 0:19:28]} 52. Rd6+
{[%clk 0:18:31]} Rxd6 {[%clk 0:19:37]} 53. Nxd6 {[%clk 0:18:39]} Kf6
{[%clk 0:19:46]} 54. b5 {[%clk 0:18:43]} Ke6 {[%clk 0:19:54]} 55. Nf5
{[%clk 0:18:52]} Kd5 {[%clk 0:20:04]} 56. Nxh6 Kc5 57. Nf7 {[%clk 0:21:02]} Kxb5
{[%clk 0:20:23]} 58. Nxg5 {[%clk 0:21:11]} Kc6 {[%clk 0:20:32]} 59. f4
{[%clk 0:21:18]} Kd6 {[%clk 0:20:41]} 60. Ke3 {[%clk 0:21:24]} Ke7
{[%clk 0:20:49]} 61. Ke4 {[%clk 0:21:33]} Kf6 {[%clk 0:20:58]} 62. Nf3
{[%clk 0:21:40]} Ke6 {[%clk 0:21:06]} 63. f5+ {[%clk 0:21:48]} Kf6
{[%clk 0:21:15]} 64. g5+ {[%clk 0:21:57]} Kf7 {[%clk 0:21:23]} 65. Ke5
{[%clk 0:22:05]} Ke7 {[%clk 0:21:29]} 66. Nh4 {[%clk 0:22:12]} Kf7
{[%clk 0:21:37]} 67. g6+ {[%clk 0:22:21]} Kg7 {[%clk 0:21:42]} 68. f6+
{[%clk 0:22:30]} Kf8 {[%clk 0:21:50]} 69. Ke6 {[%clk 0:22:37]} Ke8
{[%clk 0:21:58]} 70. Nf5 {[%clk 0:22:46]} Kf8 {[%clk 0:21:50]} 71. g7+
{[%clk 0:22:55]} Kg8 {[%clk 0:21:59]} 72. f7+ {[%clk 0:23:03]} Kh7
{[%clk 0:22:06]} 73. g8=Q# {[%clk 0:23:11]} 1-0

[Event "MCRDMZ 2018"]
[Site "Varnsdorf"]
[Date "2018.06.17"]
[Round "7.16"]
[White "Siles Jan (Ricany)"]
[Black "Stocek Martin (Polabiny A)"]
[Result "0-1"]
[BlackElo "1481"]
[WhiteElo "1360"]
[LiveChessVersion "1.4.8"]

1. d4 {[%clk 0:25:16]} Nf6 {[%clk 0:25:19]} 2. c4 {[%clk 0:25:22]} d6
{[%clk 0:25:27]} 3. Nc3 {[%clk 0:25:05]} g6 {[%clk 0:25:36]} 4. f3
{[%clk 0:25:11]} Bg7 {[%clk 0:25:39]} 5. e4 {[%clk 0:25:00]} Nbd7
{[%clk 0:25:46]} 6. Be3 {[%clk 0:24:50]} e5 {[%clk 0:25:51]} 7. d5
{[%clk 0:24:05]} Nc5 {[%clk 0:25:44]} 8. Qd2 {[%clk 0:23:31]} Nh5
{[%clk 0:24:56]} 9. O-O-O {[%clk 0:21:22]} f5 {[%clk 0:24:46]} 10. g3
{[%clk 0:20:41]} O-O {[%clk 0:24:46]} 11. Bh6 {[%clk 0:20:28]} Nf6
{[%clk 0:24:41]} 12. Bxg7 {[%clk 0:20:32]} Kxg7 {[%clk 0:24:49]} 13. exf5
{[%clk 0:19:30]} Bxf5 {[%clk 0:24:57]} 14. g4 {[%clk 0:18:54]} Bd7
{[%clk 0:24:51]} 15. h4 {[%clk 0:18:13]} e4 {[%clk 0:24:42]} 16. h5
{[%clk 0:17:33]} Rh8 {[%clk 0:22:49]} 17. Nxe4 {[%clk 0:16:14]} Ncxe4
{[%clk 0:22:37]} 18. fxe4 {[%clk 0:16:21]} Bxg4 {[%clk 0:21:53]} 19. h6+
{[%clk 0:15:48]} Kf7 {[%clk 0:21:30]} 20. Re1 {[%clk 0:15:49]} Re8
{[%clk 0:21:09]} 21. Bd3 {[%clk 0:14:23]} Re5 {[%clk 0:21:00]} 22. Qf4
{[%clk 0:13:36]} Ke7 {[%clk 0:20:19]} 23. Rf1 {[%clk 0:12:48]} Qh8
{[%clk 0:19:56]} 24. Nf3 {[%clk 0:10:36]} Bxf3 {[%clk 0:19:57]} 25. Rxf3
{[%clk 0:10:43]} Rf8 {[%clk 0:19:33]} 26. Qh4 {[%clk 0:09:45]} Rh5
{[%clk 0:19:32]} 27. Qe1 {[%clk 0:09:43]} Rxh1 28. Qxh1 {[%clk 0:09:50]} Kd8
{[%clk 0:19:16]} 29. Qh4 {[%clk 0:09:18]} Kc8 {[%clk 0:19:25]} 30. Qf2
{[%clk 0:08:06]} Kb8 {[%clk 0:19:27]} 31. Qg2 {[%clk 0:07:53]} Nd7
{[%clk 0:19:33]} 32. Rxf8+ {[%clk 0:07:19]} Qxf8 {[%clk 0:19:41]} 33. Qg5
{[%clk 0:07:26]} Ne5 {[%clk 0:19:39]} 34. Be2 {[%clk 0:07:17]} Kc8
{[%clk 0:19:27]} 35. Bg4+ {[%clk 0:07:17]} Kb8 {[%clk 0:18:56]} 36. Be2
{[%clk 0:07:10]} Nf7 {[%clk 0:18:20]} 37. Qf6 {[%clk 0:07:02]} Qxh6+
{[%clk 0:18:20]} 38. Kc2 {[%clk 0:06:57]} Qf8 {[%clk 0:18:03]} 39. Bg4
{[%clk 0:05:26]} Qe8 {[%clk 0:17:42]} 40. Kd3 {[%clk 0:04:52]} Ne5+ 0-1